[Event "Gelendzhik Rapid op"]
[Site "Gelendzhik"]
[Date "2023.05.29"]
[Round "9"]
[White "Kobzev, Eduard"]
[Black "Karulin, Nikita"]
[Result "1/2-1/2"]
[WhiteElo "1918"]
[BlackElo "1564"]
[PlyCount "115"]
[EventDate "2023.05.27"]
[EventType "swiss (rapid)"]
[EventRounds "11"]
[EventCountry "RUS"]
[SourceTitle "CBM 214 Extra"]
[Source "ChessBase"]
[SourceDate "2023.07.31"]
[SourceVersion "1"]
[SourceVersionDate "2023.07.31"]
[SourceQuality "1"]

1. e4 d5 2. exd5 Qxd5 3. Nc3 Qd8 4. d4 Nf6 5. Nf3 c6 6. Bc4 Bf5 7. Ne5 e6 8. g4 Be4 9. Nxe4 Nxe4 10. Qf3 Nd6 11. c3 Nd7 12. Bb3 Be7 13. Bf4 Nxe5 14. dxe5 Nb5 15. a4 Nc7 16. Rd1 Nd5 17. 0-0 Qb6 18. Bxd5 cxd5 19. b4 0-0 20. Be3 Qc6 21. Bd4 Qxa4 22. Ra1 Qc6 23. Rxa7 Rxa7 24. Bxa7 Ra8 25. Bd4 Ra3 26. Qe2 Qa4 27. Qd1 Qxd1 28. Rxd1 b5 29. Kg2 Kf8 30. f4 Ra2+ 31. Kg3 Ke8 32. Rf1 Rd2 33. Rf2 Rd3+ 34. Rf3 Bh4+ 35. Kg2 Rd2+ 36. Kh3 Be7 37. Bf2 Kd7 38. Kg3 f6 39. h4 Re2 40. Bd4 Rd2 41. Rf2 Rd3+ 42. Rf3 Rd1 43. Bf2 Rh1 44. Kg2 Rd1 45. g5 Rd2 46. Kg3 Re2 47. Re3 Ra2 48. Kf3 Ra3 49. Be1 Bd8 50. Rd3 Ke8 51. Bf2 Kf7 52. Kg4 Be7 53. Rf3 h5+ 54. gxh6 f5+ 55. Kg3 gxh6 56. h5 Ra1 57. Kg2 Ra6 58. c4 1/2-1/2